Estudio de vulnerabilidad hidrogeológica de la cuenca El Sauce usando el método Drastic.

Presenta un estudio de vulnerabilidad hidrogeológica de la cuenca del Sauce usando el método DRASTIC, incluye mapas de los diferentes parámetros hidrogeológicos del método DRASTIC, análisis de diferentes escenarios hidrogeológicos y mapa de vulnerabilidad hidrogeológica.

Bibliographic Details
Main Author: Ramos Valle, Amílcar Josué
Other Authors: Tutor: Chamorro Blandón, Francisco Efraín
Format: Tesis Section = Libro
Language:Undetermined
Spanish
Published: Managua UNI 2012
Subjects:
LEADER 01226nam a2200277Ia 4500
008 240830s9999 xx 000 0 und d
040 |a BIBLIOTECA-RUPAP Mon 553.79 R175 
041 |a spa 
082 |a Mon 553.79 R175 
100 1 |a Ramos Valle, Amílcar Josué 
245 1 0 |a Estudio de vulnerabilidad hidrogeológica de la cuenca El Sauce usando el método Drastic. 
260 |a Managua  |b UNI  |c 2012 
300 |a 116 p. :il. 
500 |a Contiene: anexos e Incluye: CD. 
502 |a Tesis (Ingeniero Agrícola)- UNI, 2012. 
520 3 |a Presenta un estudio de vulnerabilidad hidrogeológica de la cuenca del Sauce usando el método DRASTIC, incluye mapas de los diferentes parámetros hidrogeológicos del método DRASTIC, análisis de diferentes escenarios hidrogeológicos y mapa de vulnerabilidad hidrogeológica. 
650 7 |a AGUAS SUBTERRANEAS - CUENCA EL SAUCE 
650 7 |b VULNERABILIDAD HIDROLOGICA 
650 7 |c CONTAMINACION - RECURSOS HIDRICOS 
650 7 |d CONTAMINACION - RECURSOS HIDRICOS 
650 7 |e PROTECCION DE ACUIFEROS 
650 7 |f MAPAS - VULNERABILIDAD HIDROLOGICA 
700 1 |a Tutor:  |b Chamorro Blandón, Francisco Efraín 
942 |c BK  |2 ddc 
991 |a TESIS 
999 |c 15668